[Event "American Continental-ch 2018"]
[Site "Montevideo"]
[Date "2018.06.03"]
[Round "4"]
[White "Perez Ponsa, Federico"]
[Black "Quintiliano Pinto, Renato R"]
[Result "1/2-1/2"]
[WhiteElo "2556"]
[BlackElo "2423"]
[Annotator "TA"]
[PlyCount "59"]
[EventDate "2018.??.??"]
[EventType "swiss"]
[EventCountry "URU"]
[SourceTitle "playchess.com"]
[Source "ChessBase"]
[SourceQuality "1"]

{[%evp 16,59,38,45,61,63,75,68,102,97,83,93,94,100,152,123,127,131,137,133,137,121,142,92,94,94,109,66,78,59,64,0,87,79,87,85,90,38,31,47,141,0,0,0,0,-54]} 1. e4 c5 2. Nf3 d6 3. d4 cxd4 4. Nxd4 Nf6 5. Nc3 a6 6. a3 g6 {B90: Sicilian Najdorf: Unusual White 6th moves, 6 Be3 Ng4 and 6 Be3 e5} (6... e5 7. Nf3 Be7 8. Bc4 O-O 9. Bg5 Be6 10. Bxf6 Bxc4 11. Bxe7 Qxe7 12. Nd2 Be6 13. Nf1 Nd7 14. Ne3 Nf6 15. O-O Rac8 16. Qd3 Rc6 17. Rfd1 Rfc8 18. f3 g6 19. Kh1 Kg7 20. Qd2 {½-½ (20) Anand,V (2782)-Nepomniachtchi,I (2729) Riadh 2017}) 7. f3 Bg7 8. Be3 O-O 9. Qd2 {LiveBook: 3 Games} b5 10. O-O-O Bb7 11. Bh6 Nbd7 12. h4 $146 ({Predecessor:} 12. Bxg7 Kxg7 13. g4 Nc5 14. h4 h5 15. gxh5 Nxh5 16. Nf5+ Kg8 {½-½ (16) Voelbel,P (1571)-Mandery,M (1644) Germany 2002}) 12... Bxh6 13. Qxh6 e5 14. Nb3 Ne8 (14... Nb6 $142) 15. g3 Qe7 16. Na5 Ndf6 17. Nxb7 Qxb7 18. h5 Qe7 19. g4 {g5 is the strong threat.} Nc7 20. Rd2 Rfd8 21. Bd3 Qf8 22. Qg5 Qe7 23. Qh6 Qf8 $1 {[%cal Rf8h6] [#]} 24. Qe3 $1 Ne6 25. hxg6 fxg6 26. g5 (26. Bf1 $16) 26... Nh5 $1 $14 27. Nd5 Nef4 {[#]} ({Better is} 27... Qf7 $14) 28. Rdh2 ({Only move:} 28. Nc7 $1 $16) 28... Nxd5 $11 29. exd5 Rd7 30. Kb1 {Precision: White = 71%, Black = 49%.} (30. Rxh5 $11 gxh5 31. Rxh5) 1/2-1/2

[Event "American Continental-ch 2018"]
[Site "Montevideo"]
[Date "2018.06.03"]
[Round "4"]
[White "Moradiabadi, Elshan"]
[Black "Xiong, Jeffery"]
[Result "1/2-1/2"]
[WhiteElo "2549"]
[BlackElo "2656"]
[Annotator "TA"]
[PlyCount "56"]
[EventDate "2018.??.??"]
[EventType "swiss"]
[EventCountry "URU"]
[SourceTitle "playchess.com"]
[Source "ChessBase"]
[SourceQuality "1"]

{[%evp 15,56,0,3,0,10,5,5,8,18,0,0,-9,4,0,2,0,0,0,0,0,-13,-31,-12,-20,-37,-27,-29,-55,-43,-25,-22,-16,-16,-4,-3,-15,0,0,35,36,39,43,39]} 1. Nf3 c5 2. e4 d6 3. d4 cxd4 4. Nxd4 Nf6 5. Nc3 a6 6. Be2 e5 7. Nf3 Be7 8. Bg5 Nbd7 9. a4 {B92: Sicilian Najdorf: 6 Be2} O-O (9... b6 10. Nd2 h6 11. Bxf6 Nxf6 12. Nc4 Bb7 13. a5 b5 14. Nb6 Nxe4 15. Nxe4 Bxe4 16. Bf3 Bxf3 17. Qxf3 {1-0 (39) Carlsen,M (2832)-Vachier Lagrave,M (2796) Paris 2017}) 10. Nd2 d5 11. exd5 {The position is equal.} Nxd5 12. Bxe7 Nxe7 13. O-O $146 ({Predecessor:} 13. Nc4 Nc6 14. Qd6 Nf6 15. O-O-O {½-½ (15) Ayats Llobera,G (2285)-Santos Ruiz,M (2509) Sitges 2017}) 13... Nc6 14. Nb3 Nf6 15. Bf3 Qc7 16. Re1 Nb4 17. Qe2 Be6 18. Rac1 Rac8 19. Nd2 Nd7 20. Qe4 Nc6 21. Qh4 Nd4 22. Be4 {[%csl Ge4][%cal Rh4h7] [#]} h6 23. Nf3 $1 Qb6 24. Nxd4 exd4 25. Ne2 Nf6 26. Bd3 Rfd8 27. b3 Qc5 28. h3 Bd7 {Precision: White = 66%, Black = 67%.} 1/2-1/2

[Event "American Continental-ch 2018"]
[Site "Montevideo"]
[Date "2018.06.03"]
[Round "4"]
[White "Mekhitarian, Krikor Sevag"]
[Black "Fernandez Cardoso, Alexey"]
[Result "1/2-1/2"]
[WhiteElo "2546"]
[BlackElo "2429"]
[Annotator "TA"]
[PlyCount "65"]
[EventDate "2018.??.??"]
[EventType "swiss"]
[EventCountry "URU"]
[SourceTitle "playchess.com"]
[Source "ChessBase"]
[SourceQuality "1"]

{[%evp 15,65,21,21,0,29,24,20,25,29,25,43,33,42,0,7,0,0,0,7,0,7,12,19,19,27,7,26,12,28,0,0,0,0,-69,35,25,31,31,39,7,7,-5,66,76,71,68,80,0,0,0,0,0]} 1. Nf3 Nf6 2. g3 g6 3. b3 Bg7 4. Bb2 O-O 5. Bg2 d6 6. d4 c6 7. O-O Nbd7 8. Nbd2 Re8 9. a4 {A49: 1 d4 Nf6 2 Nf3 g6 3 g3: Anti-King's Indian systems} (9. e4 e5 10. dxe5 dxe5 11. Re1 Qc7 12. Nc4 Rd8 13. Qd6 Qxd6 14. Nxd6 Ne8 15. Nxc8 Raxc8 16. Bh3 Nc7 {½-½ (68) Meier,G (2512)-Guseinov,G (2585) ICC INT 2007}) 9... Qc7 10. e4 e5 11. dxe5 dxe5 12. a5 Nc5 13. Qe2 Bg4 14. h3 $146 ({Predecessor:} 14. Qe3 Bxf3 15. Bxf3 Ne6 16. c3 Bf8 {½-½ (31) Asadli,V (2449)-Oglaza,O (2240) Batumi 2018}) 14... Bxf3 $1 15. Bxf3 Ne6 16. c3 Rad8 17. Rfd1 Bf8 18. b4 b5 19. axb6 axb6 20. h4 b5 21. Nb3 Nd7 22. c4 Bxb4 23. cxb5 c5 24. Rac1 (24. Rd5 $11) 24... Qb8 (24... Nb6 $1 $15 25. Bg4 Rxd1+ 26. Rxd1 c4 27. Bxe6 Rxe6) 25. Bg4 $1 $14 Nd4 $1 {[%cal Rd4e2]} 26. Bxd4 cxd4 27. Bxd7 (27. Rc6 {seems wilder.} Nb6 28. Qc2 h5 29. Be2 Rd6 30. Rb1) 27... Rxd7 28. Qc4 Rb7 (28... Ba3 $11 29. Rb1 Rc8) 29. Nxd4 $1 exd4 30. Qxb4 Rxe4 31. Rxd4 ({White should try} 31. Rc5 $16) 31... Rxd4 $11 32. Qxd4 {[#] Strongly threatening h5!} Rxb5 33. Rd1 {Precision: White = 39%, Black = 27%.} 1/2-1/2

[Event "American Continental-ch 2018"]
[Site "Montevideo"]
[Date "2018.06.03"]
[Round "4"]
[White "Martinez Alcantara, Jose Eduardo"]
[Black "Delgado Ramirez, Neuris"]
[Result "1/2-1/2"]
[WhiteElo "2539"]
[BlackElo "2613"]
[Annotator "TA"]
[PlyCount "51"]
[EventDate "2018.??.??"]
[EventType "swiss"]
[EventCountry "URU"]
[SourceTitle "playchess.com"]
[Source "ChessBase"]
[SourceQuality "1"]

{[%evp 14,51,49,36,49,58,67,42,60,40,68,51,55,28,8,0,21,0,25,0,0,13,42,-16,-5,-7,43,43,45,32,43,40,45,41,52,0,0,0,71,0]} 1. e4 c5 2. Nf3 d6 3. d4 cxd4 4. Nxd4 Nf6 5. Nc3 a6 6. f3 g6 {B90: Sicilian Najdorf: Unusual White 6th moves, 6 Be3 Ng4 and 6 Be3 e5} (6... e5 7. Nb3 Be6 8. Be3 Be7 9. Qd2 Nbd7 10. g4 O-O 11. g5 Nh5 12. O-O-O b5 13. Nd5 Bxd5 14. exd5 f6 15. gxf6 Bxf6 16. Kb1 Nf4 17. Rg1 Kh8 18. Bd3 Bg5 19. Na5 Bh6 20. Nc6 Qh4 21. Qb4 {½-½ (49) Caruana,F (2784)-Mamedyarov,S (2809) Berlin 2018}) 7. Be3 h5 8. Qd2 {LiveBook: 4 Games} e5 {White is slightly better.} 9. Nb3 Be6 10. O-O-O Nbd7 11. Kb1 Rc8 12. Bd3 $146 ({Predecessor:} 12. a3 b5 13. h4 Qc7 14. Nc1 Nb8 15. N1a2 Nc6 16. Bg5 Nd7 17. Nd5 Bxd5 18. exd5 Na5 {1-0 (48) Demchenko,A (2589)-Fedoseev,V (2685) Gjakova 2016}) 12... Be7 13. g3 b5 14. a3 Nc5 15. Nc1 Qd7 16. h4 Qb7 17. Be2 Na4 18. N1a2 (18. Nxa4 $14 bxa4 19. Qa5) 18... Nxc3+ $11 19. Nxc3 Rb8 20. Bg5 {Strongly threatening Bxf6.} b4 21. axb4 {Threatens to win with Bxf6.} Qxb4 {[%csl Gb8][%cal Rb4b2] [#]} 22. b3 Qa3 {aiming for ...Bxb3!} 23. Qc1 Qa5 24. Qd2 Qa3 {Hoping for ...Bxb3!} 25. Qc1 Qa5 26. Qd2 {Precision: White = 40%, Black = 65%.} (26. Kb2 $16) 1/2-1/2

[Event "American Continental-ch 2018"]
[Site "Montevideo"]
[Date "2018.06.03"]
[Round "4"]
[White "El Debs, Felipe De Cresce"]
[Black "Vergara Jofre, Felipe"]
[Result "1-0"]
[WhiteElo "2537"]
[BlackElo "2245"]
[Annotator "TA"]
[PlyCount "111"]
[EventDate "2018.??.??"]
[EventType "swiss"]
[EventCountry "URU"]
[SourceTitle "playchess.com"]
[Source "ChessBase"]
[SourceQuality "1"]

{[%evp 11,111,36,37,2,18,0,0,0,2,-4,-2,-6,0,0,2,0,18,17,46,-29,-32,-37,14,0,6,0,0,0,0,0,0,0,0,0,0,-33,-8,-7,-7,-11,-5,-2,-9,-9,0,0,0,0,0,-8,0,0,0,0,8,0,0,0,49,41,246,246,224,241,267,244,275,225,237,243,677,660,578,537,510,481,689,684,665,665,654,254,648,596,643,585,514,507,482,388,1032,929,996,837,837,827,2495,2316,2149,2135,1925,2006]} 1. Nf3 d5 2. d4 Nf6 3. c4 e6 4. g3 dxc4 5. Bg2 Nbd7 6. O-O Be7 7. Qa4 {E05: Open Catalan: 5 Nf3 Be7} (7. Nbd2 Nb6 8. Nxc4 Nxc4 9. Qa4+ Bd7 10. Qxc4 Bc6 11. Bf4 O-O 12. Rfd1 Bd6 13. Bg5 h6 14. Bxf6 Qxf6 15. Nd2 Bxg2 16. Kxg2 {½-½ (50) Malakhov,V (2713)-Riazantsev,A (2712) Eilat 2012}) 7... a6 8. Qxc4 b5 $1 {[%cal Rb5c4]} 9. Qc6 {The position is equal.} Ra7 10. Bg5 $146 ({Predecessor:} 10. Bf4 Bb7 11. Qc2 Be4 12. Qc1 c5 13. dxc5 Bxc5 14. Nbd2 Bd5 {0-1 (53) Rojo Huerta,G (2355)-Rodriguez Vargas,O (2425) Ponferrada 1997}) 10... Bb7 11. Qc2 c5 12. Bxf6 gxf6 13. Rd1 Qa8 14. Nc3 O-O 15. Ne1 (15. d5 $14) 15... Bxg2 $11 16. Nxg2 b4 (16... cxd4 $1 $15 17. Rxd4 f5) 17. Ne4 {[%cal Re4c5]} Rc8 {[%cal Bf8c8,Bc8c5,Bc5d5][%mdl 32]} 18. Nxc5 Nxc5 19. dxc5 Rxc5 20. Qd2 Rd5 21. Qh6 Rad7 22. Rxd5 Qxd5 23. Ne3 (23. Rc1 {feels hotter.} Qxa2 24. Nf4 Qxb2 25. Rc8+ Rd8 26. Rc7) 23... Qg5 (23... Qc5 {is more complex.} 24. Rf1 a5 25. b3 Qc3 26. Qh5 a4) 24. Qxg5+ fxg5 {[%mdl 4096] Endgame KRB-KRN} 25. Rc1 (25. Rd1 {with more complications.} Rc7 26. b3 a5 27. Nc4 a4 28. h3) 25... Rd2 26. Rc2 Rxc2 27. Nxc2 {KB-KN} Bc5 28. g4 f5 29. h3 Kf7 30. Ne1 a5 31. b3 Kf6 32. Nd3 Bb6 33. Kg2 e5 34. Nb2 e4 35. Nc4 Bc7 $2 {[#]} ({Black should play} 35... Ba7 $14) 36. Ne3 $18 Ke5 37. Nxf5 h5 38. e3 hxg4 39. hxg4 Bb6 40. Kf1 Bc5 $2 (40... Kd5 41. Ke2 Bc7) 41. Ke2 Kd5 42. Ng3 Bd6 {intending ...Bxg3.} 43. Nf1 Be7 (43... Bc5 $142 44. Nd2 Bd6) 44. Nd2 Bd8 45. f3 exf3+ 46. Kxf3 $2 (46. Nxf3 Ke4 47. Nd2+ Ke5 48. Kd3) 46... Bc7 $2 (46... Be7 47. Ke2 Bf6) 47. Ke2 Bb6 48. Kd3 Bd8 {[#]} 49. Nf3 $1 Be7 50. Nd4 Bd8 $2 (50... Bf6 51. Nf3 Bd8 52. e4+ Kc5) 51. e4+ {[%cal Be3e4,Be4e5][%mdl 32] White is clearly winning.} Kd6 52. Kc4 Bf6 53. Nf3 Bd8 54. e5+ Ke6 55. Kd4 Be7 56. Ke4 {Precision: White = 67%, Black = 32%.} 1-0

[Event "American Continental-ch 2018"]
[Site "Montevideo"]
[Date "2018.06.03"]
[Round "4"]
[White "Alonso, Salvador"]
[Black "Erenburg, Sergey"]
[Result "1/2-1/2"]
[WhiteElo "2519"]
[BlackElo "2563"]
[Annotator "TA"]
[PlyCount "48"]
[EventDate "2018.??.??"]
[EventType "swiss"]
[EventCountry "URU"]
[SourceTitle "playchess.com"]
[Source "ChessBase"]
[SourceQuality "1"]

{[%evp 31,34,12,28,17,22]} 1. e4 c6 2. d4 d5 3. Nd2 dxe4 4. Nxe4 Bf5 5. Ng3 Bg6 6. h4 h6 7. Nf3 Nd7 8. h5 Bh7 9. Bd3 Bxd3 10. Qxd3 e6 11. Bd2 Ngf6 12. O-O-O Bd6 13. Ne4 Nxe4 14. Qxe4 Nf6 {B19: Caro-Kann (Hauptvariante)} 15. Qe2 Bc7 16. Kb1 Qd5 {LiveBook: 14 Partien} 17. Ne5 Qe4 {[#]} {Vorgänger:} 18. Qxe4 $146 Nxe4 19. Be3 O-O 20. f3 Ng3 21. Rh3 Nf5 22. f4 Rad8 23. Kc1 Rd5 24. c4 Nxe3 {½-½ (24) Handke,F (2525)-Riazantsev,A (2661) Germany 2017} 1/2-1/2

[Event "American Continental-ch 2018"]
[Site "Montevideo"]
[Date "2018.06.03"]
[Round "4"]
[White "Hungaski, Robert"]
[Black "De Dovitiis, Alejo"]
[Result "1/2-1/2"]
[WhiteElo "2510"]
[BlackElo "2343"]
[Annotator "TA"]
[PlyCount "61"]
[EventDate "2018.??.??"]
[EventType "swiss"]
[EventCountry "URU"]
[SourceTitle "playchess.com"]
[Source "ChessBase"]
[SourceQuality "1"]

{[%evp 27,61,28,23,16,16,16,12,8,10,0,0,0,4,0,0,0,0,0,0,0,0,-4,0,0,0,0,0,-10,0,0,0,0,0,0,0,-2]} 1. Nf3 Nf6 2. c4 e6 3. g3 d5 4. b3 Be7 5. Bg2 O-O 6. O-O c5 7. Bb2 Nc6 8. cxd5 Nxd5 9. d4 cxd4 10. Nxd4 Nxd4 11. Qxd4 Bf6 {A14: English Opening: 1...e6 with b3 by White} 12. Qd2 Nf4 (12... Bd7 13. Bxd5 exd5 14. Rd1 Rc8 15. Nc3 Bc6 16. Nxd5 Bxb2 17. Qxb2 Bxd5 18. e4 Bxe4 19. Rxd8 Rfxd8 {½-½ (40) Kramnik,V (2783)-Nakamura,H (2776) Zuerich 2015}) 13. gxf4 Qxd2 14. Nxd2 Bxb2 {LiveBook: 3 Games} 15. Rad1 Rb8 {The position is equal.} 16. Nc4 Bf6 17. Rd2 Rd8 {[#]} 18. Rfd1 $146 (18. Rxd8+ {feels hotter.} Bxd8 19. Rd1 Be7 20. b4 Kf8 21. b5) ({Predecessor:} 18. Rxd8+ Bxd8 19. Rd1 Be7 20. Nd6 Kf8 21. Nxc8 {½-½ (21) Ramirez,A (2563)-Wang,K (2314) Philadelphia 2016}) 18... Rxd2 19. Rxd2 Be7 20. Bf3 Kf8 21. Kg2 f6 22. Na5 Ke8 {[#] White must now prevent ...Bb4.} 23. Rd4 Bd8 24. b4 Bb6 25. Rd3 Bxa5 26. bxa5 $11 {KRB-KRB} b6 27. Rc3 {next Rc7 is good for White.} Kd8 28. Rd3+ Kc7 29. Rc3+ Kd8 30. Rd3+ Kc7 31. Re3 {Precision: White = 35%, Black = 93%.} 1/2-1/2

[Event "American Continental-ch 2018"]
[Site "Montevideo"]
[Date "2018.06.03"]
[Round "4"]
[White "Terry, Renato"]
[Black "Pacheco, Daniel"]
[Result "1-0"]
[WhiteElo "2503"]
[BlackElo "2256"]
[Annotator "TA"]
[PlyCount "133"]
[EventDate "2018.??.??"]
[EventType "swiss"]
[EventCountry "URU"]
[SourceTitle "playchess.com"]
[Source "ChessBase"]
[SourceQuality "1"]

{[%evp 9,133,18,38,15,16,2,8,8,11,18,10,25,13,13,18,0,41,39,49,32,18,25,22,0,0,0,56,30,106,106,122,121,114,121,119,106,227,57,57,57,104,104,130,63,122,128,125,128,110,118,121,125,218,207,212,210,193,185,166,144,203,187,185,104,155,115,233,214,226,213,224,108,123,0,637,608,560,581,665,794,593,346,310,273,437,435,425,380,403,394,384,382,358,335,336,285,281,277,228,53,93,46,127,87,68,106,132,57,62,50,413,428,1190,1218,1150,1140,1129,1111,1014,547,1464,1214,12843,12843,12848,12848]} 1. Nf3 b6 2. e4 Bb7 3. Nc3 e6 4. d4 Bb4 5. e5 (5. Bd3 Nf6 6. Qe2 d5 7. exd5 Qxd5 8. O-O Bxc3 9. bxc3 Nbd7 10. c4 Qh5 11. Bf4 Rc8 12. a4 a5 13. Rab1 O-O 14. Rb5 c5 15. dxc5 Rxc5 {0-1 (29) Eljanov,P (2734)-Carlsen,M (2827) Douglas 2017}) 5... d5 6. h4 {B00: Queen's Fianchetto Defence, Nimzowitsch Defence} Ne7 7. Bd3 $146 ({Predecessor:} 7. Bd2 Nbc6 8. Ne2 Bxd2+ 9. Qxd2 Qd7 10. Nf4 O-O-O 11. Nh5 Rhg8 12. Bb5 Rdf8 {1-0 (32) Fernandez Garcia,J (2457)-Rodriguez Perez,M (2021) La Laguna 2009}) 7... Qd7 8. O-O {The position is equal.} Bxc3 9. bxc3 Qa4 10. Bg5 h6 11. Bxe7 Kxe7 12. Rb1 Nc6 13. Bb5 $36 {[%mdl 2048] White fights for an advantage.} Qa5 $1 14. Rb3 a6 ({Avoid the trap} 14... Qxa2 $2 15. Qc1 $18) 15. Bd3 Qa4 ({But not} 15... Qxa2 $2 16. Qc1 $18) 16. Qc1 Na5 $1 {[%cal Ra5b3]} 17. Rb4 Qxa2 (17... Qc6 $11) 18. Nd2 $1 $14 Nc4 (18... Rad8 $11 {keeps the balance.}) 19. Nxc4 $16 dxc4 20. Bxc4 Qa5 21. Qb2 $1 {Hoping for Ra1.} b5 {[#]} 22. Bxb5 $1 {[%mdl 512]} Bxg2 (22... axb5 $16 {was called for.} 23. Rxb5 Qa3) 23. Kxg2 $2 (23. Ra1 $18 Qxa1+ 24. Qxa1 axb5 25. Qb2) 23... axb5 $14 24. Rxb5 Qa3 25. Qb4+ Kd7 26. Rd1 (26. Rc5 $16) 26... Ra4 ({Black should try} 26... Qxb4 $14 27. cxb4 (27. Rxb4 Ra2 $14) 27... Rab8 28. Rxb8 Rxb8) 27. Qb3 $16 Rha8 28. Rc5 {And now Qb5+ would win.} Qxb3 29. cxb3 {[%mdl 4096] Endgame KRR-KRR} Ra2 30. Rd3 R8a7 (30... Re2 $16 31. Rg3 Rg8) 31. Rg3 $18 g6 32. Rf3 Ke7 33. b4 h5 34. b5 Rb2 (34... Rd2 $16 35. Rf4 Rc2) 35. c4 Re2 36. Rf4 (36. Rd3 $1 $18) 36... Kf8 (36... Re1 $142) 37. Rc6 {aiming for Rxe6.} Kg7 (37... Ke7 $16) 38. Kf1 $1 {[%cal Rf1e2]} Rb2 39. Rc5 Rb1+ 40. Kg2 (40. Ke2 $1 $18) 40... Re1 $16 41. Rc6 ({White should play} 41. Kg3 $16) 41... Rb1 $2 {[%mdl 8192]} (41... Re2 $11) 42. d5 $1 $18 exd5 43. Rcf6 $1 dxc4 44. Rxf7+ Kh6 45. Re7 {Threatening mate with Rff7.} Ra8 46. Rxc4 Rxb5 47. Rcxc7 {[%csl Gc7][%cal Re7h7]} Rh8 48. f4 Rb2+ 49. Kf3 Rb3+ 50. Kf2 Rb2+ 51. Ke3 Rb3+ 52. Ke2 Rb2+ {[#]} 53. Kd3 $1 Rb3+ 54. Kd2 $2 ({White must play} 54. Kc4 $18 Re3 55. Rf7) 54... Rb2+ $1 $14 55. Kc3 Rh2 56. e6 {[%cal Be5e6,Be6e7][%mdl 32] Rf7 is the strong threat.} Rxh4 57. Rf7 {Black must now prevent e7.} Rh1 58. Kd2 (58. Kd4 $16) 58... Ra1 $1 59. e7 Re8 $2 {[%mdl 8192] [#]} ({Better is} 59... Raa8 $1 $14) 60. Rc6 $1 $18 Ra5 (60... Ra2+ $142 61. Kd3 Ra3+ 62. Kd4 Raa8) 61. f5 {[%csl Gf5][%cal Rc6g6]} Kg5 62. f6 Raa8 63. Rh7 Ra2+ 64. Kd3 Rf2 65. Rf7 Ra2 66. Rf8 Raa8 67. Rxe8 {Precision: White = 59%, Black = 50%.} 1-0

[Event "American Continental-ch 2018"]
[Site "Montevideo"]
[Date "2018.06.03"]
[Round "4"]
[White "Rodriguez Vila, Andres"]
[Black "Benoit, Rodrigo"]
[Result "1-0"]
[WhiteElo "2483"]
[BlackElo "2238"]
[Annotator "TA"]
[PlyCount "115"]
[EventDate "2018.??.??"]
[EventType "swiss"]
[EventCountry "URU"]
[SourceTitle "playchess.com"]
[Source "ChessBase"]
[SourceQuality "1"]

{[%evp 15,115,40,56,43,45,34,34,12,23,9,16,-15,-13,-56,-45,-65,3,2,27,2,28,31,21,35,18,45,108,94,127,26,85,78,86,78,81,89,78,84,96,67,88,90,82,92,98,100,103,95,95,104,122,122,117,62,111,116,128,143,150,159,151,95,121,92,118,81,85,21,62,63,77,83,91,108,74,104,157,151,142,150,166,170,174,163,168,162,162,174,235,203,214,226,509,511,522,510,1533,1466,1387,1258,1756,1662]} 1. e4 e5 2. Nf3 Nc6 3. Bc4 Bc5 4. O-O Nf6 5. d3 O-O 6. a4 a5 7. c3 Be7 8. Re1 d6 9. Nbd2 {C55: Zweispringerspiel} h6 $146 ({Vorgänger:} 9... g6 10. Nf1 Nh5 11. Bh6 Ng7 12. Qb3 Qe8 {1-0 (33) Inkiov,V (2450)-Michaelsen,N (2385) Cuxhaven 1992}) 10. Qb3 Nd7 11. d4 {Weiß steht etwas besser.} Bf6 {[%cal Re5d4]} 12. d5 Ne7 13. Bf1 g6 14. h4 Bg7 15. h5 Kh7 (15... g5 $15) 16. hxg6+ $11 fxg6 17. Nc4 Ng8 18. Qc2 $36 {[%mdl 2048] Weiss hat Initiative.} Ndf6 19. b4 axb4 20. cxb4 Ng4 (20... Nxd5 $14 21. exd5 e4) 21. Ra3 Rf7 22. g3 (22. b5 $16) 22... b6 (22... b5 $11 23. Ncd2 Rxa4) 23. Bg2 $16 Qf8 24. Rc3 N8f6 25. Rf1 Bd7 26. Nb2 Ne8 27. Bd2 {[%cal Bc1d2,Bd2e1,Be1f2][%mdl 32]} Ra7 28. Ra1 Nef6 29. Be1 Qa8 30. Nd2 Ne8 31. f3 Ngf6 32. Bf2 h5 33. Rca3 Bh6 34. Nf1 (34. Ndc4 $16) 34... Kg7 35. Nc4 Rb7 36. a5 {[%cal Ra5b6]} Qb8 37. axb6 cxb6 38. Nxb6 ({Günstiger ist} 38. Ra8 Qc7 39. Qb3) 38... Bb5 39. Ra8 Qc7 40. Qxc7 Rfxc7 41. Rd8 (41. Rc8 $16) 41... Bg5 42. Rc8 Rxc8 43. Nxc8 Bd7 44. Nb6 Bb5 45. Ra5 Nc7 ({Lieber} 45... Bd3) 46. Nc8 Nfe8 {[#]} 47. Ra7 $1 {[%cal Ra7b7]} Ba6 48. Rxb7 Bxb7 49. Na7 {zielt auf b5 ab.} Ba6 50. Bb6 Bc1 51. Bh3 Nb5 (51... Ba3 $142 52. Nc6 Bb5) 52. Bd7 $18 Nxa7 53. Bxa7 Kf7 $2 {[#]} (53... Nc7 54. Bb8 Nb5 55. Bxb5 Bxb5 56. Bxd6 Kf6) 54. b5 {[%cal Bb4b5,Bb5b6][%mdl 32] Weiß steht klar auf Gewinn.} Bb7 55. Bc6 Bxc6 (55... Bc8 $142 56. b6 Nf6) 56. dxc6 Ba3 57. Kg2 Ke7 58. b6 {Precision: Weiß = 59%, Schwarz = 45%.} 1-0

[Event "American Continental-ch 2018"]
[Site "Montevideo"]
[Date "2018.06.03"]
[Round "4"]
[White "Cori Quispe, Kevin Joel"]
[Black "Shankland, Samuel"]
[Result "0-1"]
[WhiteElo "2468"]
[BlackElo "2717"]
[Annotator "TA"]
[PlyCount "66"]
[EventDate "2018.??.??"]
[EventType "swiss"]
[EventCountry "URU"]
[SourceTitle "playchess.com"]
[Source "ChessBase"]
[SourceQuality "1"]

{[%evp 11,66,31,27,29,29,-1,40,39,58,21,24,-15,17,-6,11,2,232,146,229,234,467,494,516,525,514,512,437,119,90,87,70,-23,-23,-23,0,0,5,-23,-23,-23,-24,-32,0,-41,0,-70,-59,-52,-23,-118,-186,-167,-108,-597,-503,-812,-798]} 1. e4 c6 2. d4 d5 3. e5 Bf5 4. Nf3 e6 5. Be2 Ne7 6. O-O h6 7. Nbd2 {[%cal Bb1d2,Bd2b3,Bb3c5][%mdl 32] B12: Caro-Kann: Advance Variation} Nd7 8. a4 {[%cal Ba2a4,Ba4a5][%mdl 32]} (8. Nb3 Bg6 9. a4 a5 10. c3 Nf5 11. Ne1 Be7 12. Nd3 O-O 13. f4 b6 14. g4 Nh4 {1-0 (41) Rodshtein,M (2678)-Riazantsev,A (2662) Sochi 2018}) 8... Qc7 9. Nb3 {White is slightly better.} O-O-O 10. a5 a6 11. Ne1 $146 ({Predecessor:} 11. Ra4 f6 12. Be3 Bg4 13. Nbd2 Nf5 14. exf6 gxf6 15. c4 h5 16. b4 dxc4 17. Nxc4 h4 18. Nfd2 Bxe2 {½-½ (18) Nijboer,F (2564)-Simutowe,A (2459) Dieren 2008}) 11... f6 12. f4 g5 13. Nd3 Bg7 $2 (13... Ng6 $11) 14. Nbc5 {g4 is the strong threat.} Nxc5 (14... gxf4 $16 {might work better.} 15. Nxd7 (15. Bxf4 fxe5 16. Bg3 Rhf8 $16) 15... Rxd7) 15. Nxc5 $18 {Black must now prevent g4.} gxf4 $2 (15... Ng6 16. g4 Be4 17. Nxe6 Qd7) 16. exf6 Bxf6 {...Ng6 would now be nice for Black.} 17. Bxf4 e5 18. Bg3 Rdg8 19. Rxf5 $2 (19. Ra3 $18 {and White stays clearly on top.}) 19... Nxf5 $16 20. Bg4 Qh7 ({Don't go for} 20... Rg5 $2 21. Bxf5+ Rxf5 22. Qg4 $18) 21. Qf3 {[#]} ({Of course not} 21. Bxe5 Bxe5 22. dxe5 Kc7 $15) (21. dxe5 $14 Be7 22. Bf2) 21... Rxg4 $1 $11 {[%mdl 512]} 22. Qxg4 {aiming for Rf1.} Rg8 23. Qh3 e4 $132 {[%mdl 2048] Black is not keeping still} 24. c3 {Strongly threatening Rf1.} h5 $1 25. Rf1 Rg4 26. Ne6 Bg5 27. Be5 Qg6 28. Nxg5 ({But not} 28. Nc5 Be7 $15) (28. Kh1 $11) 28... Qxg5 $15 29. b3 Kd7 30. c4 {[#]} (30. g3 $11) 30... c5 $1 $17 31. dxc5 d4 ({Better is} 31... Ke6 $19 32. Bc7 d4) 32. b4 $2 {[%mdl 8192]} (32. g3 $17 {nothing else works.}) 32... Ke6 $19 33. Bc7 (33. Bh8 $142 Qh6 34. Bxd4 Nxd4 35. Rd1) 33... d3 {Precision: White = 23%, Black = 41%.} 0-1